| 000 | 00706cam a22001817a 4500 | ||
|---|---|---|---|
| 008 | 180718b2011 xxu||||| |||| 00| 0 eng d | ||
| 082 | _aAPPPA 2010-11/KOT | ||
| 100 | _aKothari, Satish | ||
| 245 |
_aClean development mechanism: generating carbon credits through railway system _cby Satish Kothari |
||
| 260 |
_aNew Delhi _bIndian Institute of Public Administration _c2011 |
||
| 300 | _av.p. | ||
| 500 | _aAn APPPA M.Phil dissertation, 2010-11 (Guide: Prof. P.K. Chaubey) | ||
| 650 | _aRailroads --Environmental aspects --India | ||
| 650 | _aCarbon dioxide --Environmental aspects | ||
| 650 | _aEnvironmental protection | ||
| 650 | _aEnergy policy | ||
| 650 | _aPower resources --Environmental aspects | ||
| 999 |
_c502350 _d502350 |
||